White-haired Melody

I tiakina i:
Ngā taipitopito rārangi puna kōrero
Kaituhi matua: Yoshikichi, Furui (Author)
Hōputu: Pukapuka
Reo:Ingarihi
I whakaputaina: Ann Arbor Center for Japanese Studies, The University of Michigan 2008
Rangatū:Michigan Monograph Series in Japanese Studies, 61
Ngā marau:
Ngā Tūtohu: Tāpirihia he Tūtohu
Kāore He Tūtohu, Me noho koe te mea tuatahi ki te tūtohu i tēnei pūkete!

MARC

LEADER 00000nam a2200000 a 4500
001 UCH1028
003 CL-VaPUC
008 090402e20080000us |||||||||||||||||eng|d
020 |a 9781929280469 
082 0 4 |a 895.6  |b YOS  |2 21 
100 0 |a Yoshikichi, Furui  |e author  |9 535359 
245 1 0 |a White-haired Melody 
300 |a 275 p 
942 |c BK 
945 |d 20090402 00:00:00  |a dcastane 
260 |a Ann Arbor  |b Center for Japanese Studies, The University of Michigan  |c 2008 
500 |a Traducido del japonés por Meredith McKinney 
650 0 |a Literatura japonesa  |9 266543 
583 |a last modification  |c 20130809 12:52:54  |k Rodrigo Vera 
490 0 |a Michigan Monograph Series in Japanese Studies, 61 
999 |c 333123  |d 333121 
952 |0 0  |1 0  |4 0  |6 895_600000000000000_YOS_2008  |7 0  |8 A  |9 421308  |a BIBGIM  |b BIBGIM  |d 2019-11-22  |i 4530381  |o 895.6 YOS 2008  |p 4530381  |r 2025-01-15  |w 2019-11-22  |y BK  |k ORI